Catálogo público

Experimental biochemistry / (Record no. 199274)

MARC details
000 -CABECERA
campo de control de longitud fija 00719nam a2200265Ia 4500
001 - NÚMERO DE CONTROL
campo de control Para_519
003 - IDENTIFICADOR DEL NÚMERO DE CONTROL
campo de control CHAP
008 - DATOS DE LONGITUD FIJA--INFORMACIÓN GENERAL
campo de control de longitud fija 220125s1989 xx 000 0 und d
010 ## - NÚMERO DE CONTROL DE LA BIBLIOTECA DEL CONGRESO
Número de control de LC 199274
040 ## - FUENTE DE LA CATALOGACIÓN
Centro/agencia transcriptor CHAP
082 ## - NÚMERO DE LA CLASIFICACIÓN DECIMAL DEWEY
Número de clasificación PA 574.192 L3
100 ## - ENTRADA PRINCIPAL--NOMBRE DE PERSONA
Nombre de persona Dryer, Robert L.
9 (RLIN) 34275
245 ## - MENCIÓN DE TÍTULO
Título Experimental biochemistry /
Mención de responsabilidad, etc. by Robert L. Dryer and Gene F. Lata
260 ## - PUBLICACIÓN, DISTRIBUCIÓN, ETC.
Lugar de publicación, distribución, etc. New York :
Nombre del editor, distribuidor, etc. University Press
300 ## - DESCRIPCIÓN FÍSICA
Extensión 514 p.
650 ## - PUNTO DE ACCESO ADICIONAL DE MATERIA--TÉRMINO DE MATERIA
Término de materia o nombre geográfico como elemento de entrada Bioquímica
Subdivisión general manuales de laboratorio
9 (RLIN) 12860
700 ## - PUNTO DE ACCESO ADICIONAL--NOMBRE DE PERSONA
Nombre de persona Lata, Gene F.
9 (RLIN) 164566
901 ## - ELEMENTOS DE DATOS A LOCAL LDA (RLIN)
a PA 574.192 L3
902 ## - ELEMENTOS DE DATOS B LOCAL, LDB (RLIN)
a A
905 ## - ELEMENTOS DE DATOS E LOCAL, LDE (RLIN)
a 0000001989 a 0000000000 00
910 ## - DATOS DE OPCIÓN DEL USUARIO (OCLC)
Datos de opción del usuario 1989
942 ## - ELEMENTOS DE PUNTO DE ACCESO ADICIONAL (KOHA)
Tipo de ítem Koha Parasitologia_
942 ## - ELEMENTOS DE PUNTO DE ACCESO ADICIONAL (KOHA)
Tipo de ítem Koha Parasitologia_
-- 1
Holdings
Estado de retiro Estado de pérdida Fuente del sistema de clasificación o colocación Estado dañado Restricciones de uso No para préstamo Código de colección Localización permanente Ubicación/localización actual Fecha de adquisición Información codificada de la localización en otra ubicación Número de inventario Total de préstamos Signatura topográfica completa Código de barras Fecha visto por última vez Número de copia Precio válido a partir de Tipo de ítem Koha Nota pública
    Dewey Decimal Classification   Préstamo interno   General Parasitologia Agricola Parasitologia Agricola 27/10/2005 PARA (PA_7155) (No. UACh C/E)   PA 574.192 L3 4102000208 25/01/2022 Ej.1 25/01/2022 Libro 3